Paragwajska imigracja według państw - Statystyki

Ogólne statystyki
  • Ten quiz został rozwiązany 75 razy
  • Średni wynik to 17 z 20
Statystyki odpowiedzi
Ludzie Państwo % Poprawnych
79 665 Argentyna
100%
265 774 Brazylia
100%
1 565 Boliwia
97%
2 937 Chile
97%
195 Kolumbia
95%
1 786 Meksyk
95%
230 Peru
95%
1 896 Stany Zjednoczone
95%
1 260 Hiszpania
92%
12 372 Wenezuela
92%
3 600 Urugwaj
90%
2 940 Kanada
88%
240 Wielka Brytania
88%
6 850 Niemcy
83%
770 Francja
80%
1 170 Włochy
80%
1 180 Chiny
75%
1 208 Polska
73%
2 374 Japonia
58%
3 887 Korea Południowa
53%
Nie znaleziono quizów pasujących do podanych kryteriów
Rozkład punktacji
Procent ludzi z każdym wynikiem
Percentyl według liczby udzielonych odpowiedzi
Twoja historia wyników
Nie rozwiązałeś tego quizu